Philosophy Through Its Past. (Record no. 9252)

MARC details
000 -LEADER
fixed length control field 00380nam a2200157 a 4500
082 00 - DEWEY DECIMAL CLASSIFICATION NUMBER
Classification number 109 HON
100 ## - MAIN ENTRY--AUTHOR NAME
Author name Honderich, Ted
245 ## - TITLE STATEMENT
Title Philosophy Through Its Past.
260 ## - PUBLICATION, DISTRIBUTION, ETC. (IMPRINT)
Place of publication Britain
Name of publisher Penguin Books
Year of publication 1984
300 ## - PHYSICAL DESCRIPTION
Number of Pages 534p
500 ## - GENERAL NOTE
General note includes index and biblioraphy
505 2# - FORMATTED CONTENTS NOTE
Formatted contents note pelican book
650 ## - SUBJECT ADDED ENTRY--TOPICAL TERM
Topical Term Philosophy-History
942 ## - ADDED ENTRY ELEMENTS (KOHA)
Koha item type Books
700 1# -
-- Honderich, Ted
Holdings
Home library Current library Date acquired Cost, normal purchase price Full call number Accession Number Koha item type
Henry Martyn Institute Library Henry Martyn Institute Library 03/15/2007 157.00 109 HON 012884 Books
                   Copyright © 2026 | Henry Martyn Institute | Hyderabad | TS-500052 | INDIA | Implemented by hmi.edu.in
Hit-Count:

Powered by Koha